000 00580nam a2200181Ia 4500
008 151018s9999 xx 000 0 und d
082 _bRBASDV5711
_a891.463
100 _aगो. ना. दातार
245 _aप्रवालद्वीप
250 _b4
260 _bदामोदर सावळाराम धंदे
_c1964
300 _a592
600 _aगो. ना. दातार
630 _aप्रवालद्वीप
700 _aगो. ना. दातार
730 _aप्रवालद्वीप
942 _cBOOK
999 _c1008093
_d1008090